Calidad total en la dirección de recursos humanos (Registro nro. 6827)
[ vista simple ]
| 000 -Cabecera | |
|---|---|
| Campo de control de longitud fija | 01344atm a2200445 4500 |
| 005 - Fecha y hora de la última transacción | |
| Campo de control | 20241111120916.0 |
| 008 - Elementos de longitud fija--Información general | |
| Campo de control de longitud fija | 150728b xxu||||| |||| 00| 0 spa d |
| 041 ## - Idioma | |
| Código de idioma | |
| 082 ## - Clasificación Decimal Dewey | |
| Número de clasificación | 658.3 P495c |
| 100 ## - Entrada principal--Autor personal | |
| Nombre personal | Petrick, Joseph A. |
| 9 (RLIN) | 39447 |
| 100 ## - Entrada principal--Autor personal | |
| Nombre personal | Rurr, Diana S. |
| 9 (RLIN) | 39448 |
| 245 ## - Título propiamente dicho | |
| Título | Calidad total en la dirección de recursos humanos |
| 260 ## - Pie de imprenta | |
| Lugar de publicación, distribución, etc. | España |
| Nombre del editor, distribuidor, etc. | Gestión 2000 |
| Fecha de publicación, distribución, etc. | 2003 |
| 300 ## - Descripción física | |
| Extensión | 369 páginas |
| 650 ## - Materia general | |
| Temática (materia general) | RECURSOS HUMANOS |
| 650 ## - Materia general | |
| Temática (materia general) | CALIDAD TOTAL |
| 650 ## - Materia general | |
| Temática (materia general) | CALIDAD TOTAL EN LAS EMPRESAS |
| 650 ## - Materia general | |
| Temática (materia general) | PLANIFICACIÓN ESTRATÉGICA |
| 650 ## - Materia general | |
| Temática (materia general) | PLANIFICACIÓN DE PROCESOS |
| 650 ## - Materia general | |
| Temática (materia general) | MEJORA CONTINUA |
| 650 ## - Materia general | |
| Temática (materia general) | DEMING, EDWARDS |
| 650 ## - Materia general | |
| Temática (materia general) | EVALUACIÓN DEL DESEMPEÑO |
| 650 ## - Materia general | |
| Temática (materia general) | FEEDBACK |
| 650 ## - Materia general | |
| Temática (materia general) | PROCESOS DE CALIDAD |
| 650 ## - Materia general | |
| Temática (materia general) | GESTIÓN DE RECURSOS HUMANOS |
| 650 ## - Materia general | |
| Temática (materia general) | GESTIÓN DE PROYECTOS |
| 650 ## - Materia general | |
| Temática (materia general) | SATISFACCIÓN DEL CLIENTE |
| 650 ## - Materia general | |
| Temática (materia general) | ROL LABORAL |
| 650 ## - Materia general | |
| Temática (materia general) | DESARROLLO DE UNA ORGANIZACIÓN |
| 650 ## - Materia general | |
| Temática (materia general) | EVALUACIÓN |
| 650 ## - Materia general | |
| Temática (materia general) | PLANIFICACIÓN DE PROYECTOS |
| 650 ## - Materia general | |
| Temática (materia general) | RECURSOS HUMANOS DE CALIDAD |
| 650 ## - Materia general | |
| Temática (materia general) | CULTURA DE TRABAJO ÉTICO |
| 650 ## - Materia general | |
| Temática (materia general) | DESARROLLO DE UNA ORGANIZACIÓN |
| 650 ## - Materia general | |
| Temática (materia general) | GRUPO |
| 650 ## - Materia general | |
| Temática (materia general) | RESPETO POR LO DEMÁS |
| 650 ## - Materia general | |
| Temática (materia general) | PLAN DE IMPLEMENTACIÓN |
| 650 ## - Materia general | |
| Temática (materia general) | DESARROLLO PERSONAL |
| 942 ## - Punto de acceso adicional KOHA | |
| Tipo de ítem KOHA | Libro |
| Fuente del sistema de clasificación o colocación | Dewey Decimal Classification |
| Signatura completa | Código de barras | Programa Académico | Tipo de ítem |
|---|---|---|---|
| 658.3 P495c | 11964 | Libro |